000 00375nam a2200169Ia 4500
001 19190
003 IN-NITTTR
005 20251114233222.0
008 251113s9999||||xx |||||||||||||| ||eng||
040 _beng
040 _cIN-NITTTR
041 _aeng
082 _a823 T45M
100 _aTilak Raghukul,
245 0 _aMusic at night. /
_cTilak Raghukul
942 _2ddc
_cBK
999 _c21824
_d21824